জ্ঞানতাপস আব্দুর রাজ্জাক স্মারকগ্রন্থ /
Contributed articles on the life and works of Ābdura Rājjāka, 1914-1999, college teacher, educator and political activist from Bangladesh; commemoration volume.
| Altri autori: | , |
|---|---|
| Natura: | Libro |
| Lingua: | Bengali English |
| Pubblicazione: |
ঢাকা :
বেঙ্গল পাবলিকেশন্স,
২০১৫ [তৃতীয় সসংস্করণ ২০১৭].
|
| Soggetti: | |
| Classic Catalogue: | View this record in Classic Catalogue |
| LEADER | 02109nam a2200421 i 4500 | ||
|---|---|---|---|
| 001 | 40205 | ||
| 003 | BD-DhAAL | ||
| 008 | 221218r20172012bg a 010 0bben d | ||
| 999 | |c 45208 |d 45208 | ||
| 010 | |a 2015362320 | ||
| 020 | |a 9789843389220 | ||
| 020 | |a 9789843358691 (Cover) | ||
| 025 | |a B-B-2015362320; 22-91 | ||
| 035 | |a (MFDhaka) 2015362320 | ||
| 037 | |b Library of Congress -- New Delhi Overseas Office | ||
| 040 | |a DLC |b eng |e rda |c DLC |d DLC |d BD-DhAAL | ||
| 041 | 0 | |a ben |a eng | |
| 042 | |a lcode |a pcc | ||
| 043 | |a a-bg--- | ||
| 050 | 0 | 0 | |a LA2383.B32 |b R375 2015 |
| 082 | |a 378.1295492092 |2 23 | ||
| 245 | 0 | 0 | |a জ্ঞানতাপস আব্দুর রাজ্জাক স্মারকগ্রন্থ / |c সম্পাদক, আনিসুজ্জামান |
| 246 | 3 | 1 | |a Gyantapas Abdur Razzaq smarak grantha |
| 264 | 1 | |a ঢাকা : |b বেঙ্গল পাবলিকেশন্স, |c ২০১৫ [তৃতীয় সসংস্করণ ২০১৭]. | |
| 300 | |a ৪৫৬ পৃষ্ঠা : |b চিত্র ; |c ২৫ সে.মি. | ||
| 520 | |a Contributed articles on the life and works of Ābdura Rājjāka, 1914-1999, college teacher, educator and political activist from Bangladesh; commemoration volume. | ||
| 541 | |a Donated By Akbar Ali Khan |e 40205 | ||
| 546 | |a In Bengali; includes articles in English. | ||
| 600 | 1 | 0 | |a Razzaq, Abdur, |d 1914-1999. |9 53012 |
| 650 | 0 | |a College teachers |z Bangladesh |v Biography. |9 53013 | |
| 650 | 0 | |a Educators |z Bangladesh |v Biography. |9 53014 | |
| 650 | 0 | |a Political activists |z Bangladesh |v Biography. |9 53015 | |
| 650 | 0 | |a Education. |9 53016 | |
| 700 | 1 | |a রাজ্জাক, আব্দুর, |d ১৯১৪-১৯৯৯, |e honouree. |9 53017 | |
| 700 | 0 | |a আনিসুজ্জামান, |e সম্পাদক |9 53018 | |
| 852 | |a Ayesha Abed Library |c Akbar Ali Khan Collection | ||
| 942 | |2 ddc |c BK | ||
| 952 | |0 0 |1 0 |2 ddc |4 0 |6 378_129549209200000_GYA |7 1 |9 72526 |a BRACUL |b BRACUL |c AAKC |d 2022-12-18 |e Donated by Akbar Ali Khan |g 800.00 |l 0 |o 378.1295492092 GYA |p 3010040205 |r 2022-12-18 |t 1 |w 2022-12-18 |y BK | ||